[Event "DEM U16 2018"]
[Site "Willingen GER"]
[Date "2018.05.26"]
[Round "9"]
[White "Roseneck, Jonas"]
[Black "Wachinger, Nikolas"]
[Result "0-1"]
[Termination "normal"]
[Board "3"]
[WhiteElo "2183"]
[BlackElo "2208"]
[WhiteClock "00:06:16"]
[BlackClock "00:37:34"]
[PlyCount "56"]
[WhiteFideId "12939870"]
[BlackFideId "12962791"]
[EventCountry "GER"]
[EventRounds "9"]
[EventType "swiss"]
[EventDate "2018.05.19"]

1. e4 {[%clk 1:30:57]} 1... c5 {[%clk 1:30:53]} 2. Nf3 {[%clk 1:31:24]} 2... d6
{[%clk 1:31:17]} 3. d4 {[%clk 1:31:50]} 3... Nf6 {[%clk 1:31:35]} 4. Nc3 {
[%clk 1:30:47]} 4... cxd4 {[%clk 1:31:29]} 5. Nxd4 {[%clk 1:31:16]} 5... Bd7 {
[%clk 1:31:50]} 6. Bg5 {[%clk 1:29:44]} 6... e6 {[%clk 1:32:04]} 7. Ndb5 {
[%clk 1:29:37]} 7... Bxb5 {[%clk 1:32:24]} 8. Bxb5+ {[%clk 1:19:31]} 8... Nc6 {
[%clk 1:31:29]} 9. Qf3 {[%clk 1:00:26]} 9... Be7 {[%clk 1:08:04]} 10. O-O-O {
[%clk 0:49:35]} 10... O-O {[%clk 1:07:28]} 11. h4 {[%clk 0:40:15]} 11... Qc7 {
[%clk 0:57:46]} 12. Qg3 {[%clk 0:38:43]} 12... Kh8 {[%clk 0:54:48]} 13. h5 {
[%clk 0:35:55]} 13... h6 {[%clk 0:54:12]} 14. Bf4 {[%clk 0:33:40]} 14... Ne5 {
[%clk 0:53:54]} 15. Be2 {[%clk 0:28:37]} 15... a6 {[%clk 0:52:18]} 16. Qe3 {
[%clk 0:23:38]} 16... b5 {[%clk 0:50:28]} 17. a3 {[%clk 0:17:38]} 17... Rfc8 {
[%clk 0:49:03]} 18. f3 {[%clk 0:15:24]} 18... Rab8 {[%clk 0:48:07]} 19. g4 {
[%clk 0:06:22]} 19... a5 {[%clk 0:45:49]} 20. Qd2 {[%clk 0:05:42]} 20... b4 {
[%clk 0:41:27]} 21. Nb5 {[%clk 0:06:07]} 21... Nxf3 {[%clk 0:38:47]} 22. Nxc7 {
[%clk 0:06:11]} 22... Nxd2 {[%clk 0:39:10]} 23. Rxd2 {[%clk 0:05:24]} 23...
Rxc7 {[%clk 0:38:58]} 24. e5 {[%clk 0:05:46]} 24... bxa3 {[%clk 0:37:38]} 25.
b3 {[%clk 0:06:07]} 25... Rxb3 {[%clk 0:37:01]} 26. Rdd1 {[%clk 0:05:21]} 26...
a2 {[%clk 0:36:49]} 27. Kd2 {[%clk 0:05:49]} 27... Ne4+ {[%clk 0:37:08]} 28.
Ke1 {[%clk 0:06:16]} 28... Rb1 {[%clk 0:37:34]} 0-1

[Event "DEM U16 2018"]
[Site "Willingen GER"]
[Date "2018.05.26"]
[Round "9"]
[White "Baltic, Fatih"]
[Black "Kuznecovs, Nikita"]
[Result "1/2-1/2"]
[Termination "normal"]
[Board "4"]
[WhiteTitle "FM"]
[WhiteElo "2135"]
[BlackElo "2266"]
[WhiteClock "00:33:59"]
[BlackClock "00:18:20"]
[PlyCount "82"]
[WhiteFideId "12979090"]
[BlackFideId "11604557"]
[EventCountry "GER"]
[EventRounds "9"]
[EventType "swiss"]
[EventDate "2018.05.19"]

1. e4 {[%clk 1:30:58]} 1... e6 {[%clk 1:30:55]} 2. d4 {[%clk 1:29:29]} 2... d5
{[%clk 1:31:20]} 3. Nd2 {[%clk 1:29:53]} 3... Be7 {[%clk 1:31:46]} 4. e5 {
[%clk 1:30:17]} 4... c5 {[%clk 1:32:12]} 5. c3 {[%clk 1:30:43]} 5... Nc6 {
[%clk 1:32:38]} 6. Bd3 {[%clk 1:31:09]} 6... Qb6 {[%clk 1:31:33]} 7. Ndf3 {
[%clk 1:30:06]} 7... Bd7 {[%clk 1:29:22]} 8. Ne2 {[%clk 1:30:03]} 8... cxd4 {
[%clk 1:23:47]} 9. Nexd4 {[%clk 1:28:30]} 9... Bc5 {[%clk 1:22:34]} 10. Nxc6 {
[%clk 1:28:55]} 10... Bxc6 {[%clk 1:09:06]} 11. O-O {[%clk 1:29:19]} 11... Bb5
{[%clk 1:07:22]} 12. b4 {[%clk 1:18:30]} 12... Bf8 {[%clk 1:07:09]} 13. Be3 {
[%clk 1:18:39]} 13... Qa6 {[%clk 1:07:34]} 14. Bxb5+ {[%clk 1:17:10]} 14...
Qxb5 {[%clk 1:08:01]} 15. Nd4 {[%clk 1:17:34]} 15... Qd7 {[%clk 1:08:23]} 16.
Qe2 {[%clk 1:16:01]} 16... Rc8 {[%clk 1:08:38]} 17. Rfc1 {[%clk 1:10:17]} 17...
Rc4 {[%clk 0:57:26]} 18. Nb3 {[%clk 1:06:54]} 18... Ne7 {[%clk 0:52:38]} 19.
Nd2 {[%clk 1:06:16]} 19... Rc8 {[%clk 0:51:12]} 20. Bxa7 {[%clk 1:04:43]} 20...
Nf5 {[%clk 0:38:30]} 21. Be3 21... Be7 {[%clk 0:35:19]} 22. a4 {[%clk 0:56:00]}
22... O-O {[%clk 0:27:57]} 23. Nb3 {[%clk 0:54:54]} 23... Rc4 {[%clk 0:26:47]}
24. Nd4 {[%clk 0:52:22]} 24... Nxd4 {[%clk 0:23:56]} 25. Bxd4 {[%clk 0:50:49]}
25... Bxb4 {[%clk 0:24:13]} 26. Qb2 {[%clk 0:51:03]} 26... Ba5 {[%clk 0:18:52]}
27. Rcb1 {[%clk 0:49:42]} 27... b6 {[%clk 0:15:44]} 28. Qb5 {[%clk 0:49:03]}
28... Rc6 {[%clk 0:14:17]} 29. g3 {[%clk 0:48:52]} 29... Rfc8 {[%clk 0:13:00]}
30. Rb3 {[%clk 0:48:14]} 30... Qd8 {[%clk 0:12:45]} 31. Raa3 {[%clk 0:46:52]}
31... f6 {[%clk 0:12:56]} 32. Qd3 {[%clk 0:46:19]} 32... Rc4 {[%clk 0:11:25]}
33. Qe3 {[%clk 0:44:02]} 33... R8c6 {[%clk 0:11:38]} 34. Kg2 {[%clk 0:43:25]}
34... Qf8 {[%clk 0:07:06]} 35. exf6 {[%clk 0:35:06]} 35... gxf6 {[%clk 0:07:28]
} 36. Qf3 {[%clk 0:35:32]} 36... Kg7 {[%clk 0:07:19]} 37. Qg4+ {[%clk 0:33:27]}
37... Kf7 {[%clk 0:05:28]} 38. Qh5+ {[%clk 0:33:27]} 38... Kg8 {[%clk 0:05:55]}
39. Qf3 {[%clk 0:33:12]} 39... Kg7 {[%clk 0:00:51]} 40. Qg4+ {[%clk 0:33:33]}
40... Kh8 {[%clk 0:00:47]} 41. Qf3 {[%clk 0:33:59]} 41... Kg7 {[%clk 0:18:20]}
1/2-1/2

[Event "DEM U16 2018"]
[Site "Willingen GER"]
[Date "2018.05.26"]
[Round "9"]
[White "Wong, Gengchun"]
[Black "Kopylov, Daniel"]
[Result "1-0"]
[Termination "normal"]
[Board "5"]
[WhiteElo "2120"]
[BlackElo "2298"]
[WhiteClock "00:05:59"]
[BlackClock "00:04:39"]
[PlyCount "87"]
[WhiteFideId "12963283"]
[BlackFideId "12921971"]
[EventCountry "GER"]
[EventRounds "9"]
[EventType "swiss"]
[EventDate "2018.05.19"]

1. e4 {[%clk 1:30:56]} 1... c5 {[%clk 1:30:40]} 2. Nf3 {[%clk 1:31:24]} 2... d6
{[%clk 1:30:58]} 3. d4 {[%clk 1:31:50]} 3... cxd4 {[%clk 1:31:23]} 4. Nxd4 {
[%clk 1:32:16]} 4... Nf6 {[%clk 1:31:46]} 5. Nc3 {[%clk 1:32:43]} 5... Nc6 {
[%clk 1:32:00]} 6. Bg5 {[%clk 1:33:07]} 6... e6 {[%clk 1:32:18]} 7. Qd2 { [%clk
1:33:32]} 7... Be7 {[%clk 1:32:40]} 8. O-O-O {[%clk 1:33:29]} 8... O-O { [%clk
1:32:32]} 9. f4 {[%clk 1:33:53]} 9... h6 {[%clk 1:32:28]} 10. h4 { [%clk
1:32:15]} 10... e5 {[%clk 1:28:24]} 11. Nf5 {[%clk 1:26:03]} 11... Bxf5 { [%clk
1:27:45]} 12. exf5 {[%clk 1:26:27]} 12... Rc8 {[%clk 1:24:27]} 13. fxe5 { [%clk
1:05:40]} 13... dxe5 {[%clk 1:16:35]} 14. Bxh6 14... Qa5 {[%clk 0:52:13]} 15.
Qg5 {[%clk 0:44:29]} 15... Ne8 {[%clk 0:51:48]} 16. Qg4 {[%clk 0:44:40]} 16...
Nd4 {[%clk 0:43:07]} 17. Rh3 {[%clk 0:27:09]} 17... Qb6 {[%clk 0:27:05]} 18. f6
{[%clk 0:18:05]} 18... Qxf6 {[%clk 0:23:07]} 19. Qxc8 {[%clk 0:17:23]} 19...
Qxh6+ {[%clk 0:23:17]} 20. Kb1 {[%clk 0:17:49]} 20... Bb4 {[%clk 0:17:08] } 21.
Nd5 {[%clk 0:16:24]} 21... Nf6 {[%clk 0:16:27]} 22. Qxb7 {[%clk 0:15:18]} 22...
Bc5 {[%clk 0:15:21]} 23. c3 {[%clk 0:14:24]} 23... Ne6 {[%clk 0:13:32]} 24.
Nxf6+ {[%clk 0:13:32]} 24... Qxf6 {[%clk 0:13:52]} 25. Qe4 {[%clk 0:13:30]}
25... Nf4 {[%clk 0:07:57]} 26. Rf3 {[%clk 0:12:54]} 26... Qg6 {[%clk 0:06:36]}
27. Qxg6 {[%clk 0:12:45]} 27... Nxg6 {[%clk 0:07:03]} 28. Bd3 {[%clk 0:07:39]}
28... Nf4 {[%clk 0:05:20]} 29. g3 {[%clk 0:07:18]} 29... Nxd3 {[%clk 0:05:03]}
30. Rfxd3 {[%clk 0:07:41]} 30... e4 {[%clk 0:04:50]} 31. Rd8 {[%clk 0:07:40]}
31... Bf2 {[%clk 0:04:43]} 32. Rxf8+ {[%clk 0:04:58]} 32... Kxf8 { [%clk
0:05:12]} 33. g4 {[%clk 0:04:37]} 33... Bxh4 {[%clk 0:04:33]} 34. Rd4 { [%clk
0:04:27]} 34... e3 {[%clk 0:03:57]} 35. Re4 {[%clk 0:04:51]} 35... Bf2 { [%clk
0:03:34]} 36. Kc2 {[%clk 0:05:15]} 36... g6 {[%clk 0:03:28]} 37. Kd3 { [%clk
0:05:36]} 37... Kg7 {[%clk 0:03:53]} 38. g5 {[%clk 0:05:16]} 38... f5 { [%clk
0:03:55]} 39. gxf6+ {[%clk 0:05:41]} 39... Kxf6 {[%clk 0:04:22]} 40. c4 { [%clk
0:05:23]} 40... Kf5 {[%clk 0:04:42]} 41. b4 {[%clk 0:05:31]} 41... a5 { [%clk
0:03:58]} 42. b5 {[%clk 0:05:38]} 42... g5 {[%clk 0:04:19]} 43. b6 { [%clk
0:05:33]} 43... e2 {[%clk 0:04:39]} 44. b7 {[%clk 0:05:59]} 1-0

[Event "DEM U16 2018"]
[Site "Willingen GER"]
[Date "2018.05.26"]
[Round "9"]
[White "Nöldner, Julian"]
[Black "Knüdel, Torben"]
[Result "0-1"]
[Termination "normal"]
[Board "6"]
[WhiteElo "1982"]
[BlackElo "2034"]
[WhiteClock "01:19:53"]
[BlackClock "00:54:40"]
[PlyCount "34"]
[WhiteFideId "16218744"]
[BlackFideId "16208820"]
[EventCountry "GER"]
[EventRounds "9"]
[EventType "swiss"]
[EventDate "2018.05.19"]

1. d4 {[%clk 1:30:41]} 1... Nf6 {[%clk 1:30:43]} 2. Nf3 {[%clk 1:30:47]} 2...
d5 {[%clk 1:30:58]} 3. c4 {[%clk 1:30:10]} 3... e6 {[%clk 1:31:24]} 4. g3 {
[%clk 1:30:10]} 4... Be7 {[%clk 1:30:55]} 5. Bg2 {[%clk 1:30:32]} 5... O-O {
[%clk 1:31:21]} 6. O-O {[%clk 1:30:58]} 6... dxc4 {[%clk 1:31:47]} 7. Qa4 {
[%clk 1:30:40]} 7... a6 {[%clk 1:31:18]} 8. Qxc4 {[%clk 1:31:05]} 8... b5 {
[%clk 1:31:46]} 9. Qc2 {[%clk 1:31:28]} 9... Bb7 {[%clk 1:32:13]} 10. Bg5 {
[%clk 1:31:52]} 10... Nbd7 {[%clk 1:31:03]} 11. Bxf6 {[%clk 1:30:33]} 11...
Bxf6 {[%clk 1:26:22]} 12. Ng5 {[%clk 1:28:35]} 12... Bxg5 {[%clk 1:26:32]} 13.
Bxb7 {[%clk 1:28:59]} 13... Rb8 {[%clk 1:24:44]} 14. Bc6 {[%clk 1:29:18]} 14...
Nb6 {[%clk 1:06:36]} 15. e3 {[%clk 1:21:08]} 15... Nd5 {[%clk 1:00:21]} 16. a3
{[%clk 1:20:44]} 16... Rb6 {[%clk 0:54:40]} 17. Rc1 {[%clk 1:19:53]} 17... Nxe3
0-1

[Event "DEM U16 2018"]
[Site "Willingen GER"]
[Date "2018.05.26"]
[Round "9"]
[White "Schmider, Niklas"]
[Black "Yankelevich, Michael"]
[Result "1-0"]
[Termination "normal"]
[Board "7"]
[WhiteElo "2169"]
[BlackElo "1986"]
[WhiteClock "00:10:17"]
[BlackClock "00:46:21"]
[PlyCount "71"]
[WhiteFideId "12993778"]
[BlackFideId "12921440"]
[EventCountry "GER"]
[EventRounds "9"]
[EventType "swiss"]
[EventDate "2018.05.19"]

1. e4 {[%clk 1:30:59]} 1... d5 {[%clk 1:30:39]} 2. exd5 {[%clk 1:31:24]} 2...
Qxd5 {[%clk 1:31:07]} 3. Nc3 {[%clk 1:31:46]} 3... Qd6 {[%clk 1:31:32]} 4. d4 {
[%clk 1:32:05]} 4... Nf6 {[%clk 1:31:33]} 5. Nf3 {[%clk 1:32:29]} 5... a6 {
[%clk 1:31:36]} 6. g3 {[%clk 1:32:42]} 6... Bg4 {[%clk 1:31:33]} 7. h3 { [%clk
1:32:45]} 7... Bh5 {[%clk 1:31:35]} 8. Be2 {[%clk 1:33:09]} 8... e6 { [%clk
1:29:29]} 9. Bf4 {[%clk 1:33:23]} 9... Qd8 {[%clk 1:27:37]} 10. Qd2 { [%clk
1:32:11]} 10... Nd5 {[%clk 1:25:20]} 11. Nxd5 {[%clk 1:30:12]} 11... exd5
{[%clk 1:22:47]} 12. O-O {[%clk 1:30:33]} 12... Be7 {[%clk 1:22:45]} 13. b3 {
[%clk 1:29:21]} 13... O-O {[%clk 1:22:10]} 14. c4 {[%clk 1:29:43]} 14... Nd7 {
[%clk 1:20:33]} 15. Rfd1 {[%clk 1:29:25]} 15... Nf6 {[%clk 1:20:25]} 16. Rac1 {
[%clk 1:28:29]} 16... Rc8 {[%clk 1:14:57]} 17. a4 {[%clk 1:25:46]} 17... Re8 {
[%clk 1:15:04]} 18. c5 {[%clk 1:23:10]} 18... Ne4 {[%clk 1:14:38]} 19. Qb2 {
[%clk 1:22:17]} 19... Bf6 {[%clk 1:13:34]} 20. c6 {[%clk 1:16:52]} 20... bxc6 {
[%clk 1:07:54]} 21. g4 {[%clk 1:16:13]} 21... Bg6 {[%clk 1:08:15]} 22. Bxa6 {
[%clk 1:15:41]} 22... c5 {[%clk 1:05:03]} 23. Bxc8 {[%clk 1:14:23]} 23... Qxc8
{[%clk 1:05:32]} 24. Ne5 {[%clk 1:09:49]} 24... Bg5 {[%clk 1:02:30]} 25. Nxg6 {
[%clk 1:04:59]} 25... hxg6 {[%clk 1:02:39]} 26. Bxg5 {[%clk 1:04:44]} 26...
Nxg5 {[%clk 1:03:01]} 27. Kg2 {[%clk 1:03:34]} 27... Re4 {[%clk 1:02:28]} 28.
f3 {[%clk 1:00:42]} 28... Rf4 {[%clk 1:00:57]} 29. Qd2 {[%clk 0:48:03]} 29...
Nxh3 {[%clk 0:58:04]} 30. Qe3 {[%clk 0:40:05]} 30... f5 {[%clk 0:54:20]} 31. g5
{[%clk 0:32:35]} 31... Rh4 {[%clk 0:53:41]} 32. Re1 {[%clk 0:29:56]} 32... Kh7
{[%clk 0:53:01]} 33. Rxc5 {[%clk 0:19:39]} 33... c6 {[%clk 0:49:53]} 34. Qe8 {
[%clk 0:13:02]} 34... Qa6 {[%clk 0:46:40]} 35. Rxc6 {[%clk 0:10:05]} 35... Qd3
{[%clk 0:46:21]} 36. Qxg6+ {[%clk 0:10:17]} 1-0

[Event "DEM U16 2018"]
[Site "Willingen GER"]
[Date "2018.05.26"]
[Round "9"]
[White "Holinka, Henning"]
[Black "Mütsch, Annmarie"]
[Result "1-0"]
[Termination "normal"]
[Board "8"]
[WhiteElo "2185"]
[BlackElo "2145"]
[WhiteClock "00:15:20"]
[BlackClock "00:05:49"]
[PlyCount "111"]
[WhiteFideId "12967084"]
[BlackFideId "12971367"]
[EventCountry "GER"]
[EventRounds "9"]
[EventType "swiss"]
[EventDate "2018.05.19"]

1. e4 {[%clk 1:30:57]} 1... c5 {[%clk 1:30:56]} 2. Nf3 {[%clk 1:31:18]} 2...
Nc6 {[%clk 1:31:21]} 3. d4 {[%clk 1:31:40]} 3... cxd4 {[%clk 1:31:46]} 4. Nxd4
{[%clk 1:32:04]} 4... g6 {[%clk 1:32:03]} 5. c4 {[%clk 1:32:03]} 5... Bg7 {
[%clk 1:32:25]} 6. Be3 {[%clk 1:32:22]} 6... Nf6 {[%clk 1:32:46]} 7. Nc3 {
[%clk 1:32:47]} 7... d6 {[%clk 1:32:57]} 8. Be2 {[%clk 1:31:53]} 8... O-O {
[%clk 1:33:15]} 9. O-O {[%clk 1:31:50]} 9... Bd7 {[%clk 1:33:07]} 10. Rc1 {
[%clk 1:29:39]} 10... Nxd4 {[%clk 1:32:44]} 11. Bxd4 {[%clk 1:29:56]} 11... Bc6
{[%clk 1:32:52]} 12. f3 {[%clk 1:29:53]} 12... a5 {[%clk 1:32:31]} 13. b3 {
[%clk 1:25:27]} 13... Nd7 {[%clk 1:32:13]} 14. Be3 {[%clk 1:25:00]} 14... Nc5 {
[%clk 1:31:37]} 15. Qd2 {[%clk 1:23:58]} 15... e6 {[%clk 1:31:00]} 16. Rfd1 {
[%clk 1:19:11]} 16... Be5 {[%clk 1:30:03]} 17. Bf1 {[%clk 1:16:00]} 17... Qe7 {
[%clk 1:18:43]} 18. Nb5 {[%clk 1:07:47]} 18... b6 {[%clk 1:15:48]} 19. Qe1 {
[%clk 1:00:08]} 19... g5 {[%clk 1:05:09]} 20. Bd3 {[%clk 0:45:51]} 20... Qf6 {
[%clk 0:58:34]} 21. Bb1 {[%clk 0:41:55]} 21... Rfd8 {[%clk 0:50:41]} 22. Qf2 {
[%clk 0:35:49]} 22... Bxb5 {[%clk 0:47:10]} 23. cxb5 {[%clk 0:36:08]} 23... Bf4
{[%clk 0:47:07]} 24. g3 {[%clk 0:32:36]} 24... Bxe3 {[%clk 0:44:31]} 25. Qxe3 {
[%clk 0:32:56]} 25... e5 {[%clk 0:44:22]} 26. Bd3 {[%clk 0:32:05]} 26... Ne6 {
[%clk 0:38:31]} 27. Qxb6 {[%clk 0:24:03]} 27... Qxf3 {[%clk 0:36:19]} 28. Qf2 {
[%clk 0:22:42]} 28... Qh5 {[%clk 0:35:49]} 29. Bc4 {[%clk 0:20:55]} 29... Nd4 {
[%clk 0:33:58]} 30. Rf1 {[%clk 0:19:57]} 30... Rd7 {[%clk 0:32:08]} 31. Qf6 {
[%clk 0:18:00]} 31... g4 {[%clk 0:24:09]} 32. Rf2 {[%clk 0:17:29]} 32... Nf3+ {
[%clk 0:23:36]} 33. Kh1 {[%clk 0:17:38]} 33... Rb8 {[%clk 0:18:47]} 34. Bd5 {
[%clk 0:16:27]} 34... Qg6 {[%clk 0:17:24]} 35. Qxg6+ {[%clk 0:15:45]} 35...
hxg6 {[%clk 0:17:53]} 36. a4 {[%clk 0:15:53]} 36... Kg7 {[%clk 0:17:16]} 37. b4
{[%clk 0:12:37]} 37... axb4 {[%clk 0:15:35]} 38. Rb2 {[%clk 0:12:14]} 38... f5
{[%clk 0:11:27]} 39. exf5 {[%clk 0:05:44]} 39... gxf5 {[%clk 0:11:48]} 40. Be6
{[%clk 0:05:13]} 40... Ra7 {[%clk 0:08:38]} 41. Rxb4 {[%clk 0:04:14]} 41... Rh8
{[%clk 0:06:47]} 42. h4 {[%clk 0:29:04]} 42... Kf6 {[%clk 0:35:53]} 43. b6 {
[%clk 0:22:13]} 43... Rah7 {[%clk 0:32:27]} 44. Rc7 {[%clk 0:18:42]} 44... Rh6
{[%clk 0:29:52]} 45. b7 {[%clk 0:16:39]} 45... Rxh4+ {[%clk 0:17:51]} 46. gxh4
{[%clk 0:16:06]} 46... Rxh4+ {[%clk 0:18:16]} 47. Kg2 {[%clk 0:16:29]} 47...
Rh2+ {[%clk 0:17:19]} 48. Kg3 {[%clk 0:16:26]} 48... Rh3+ {[%clk 0:14:53]} 49.
Kf2 {[%clk 0:16:12]} 49... Rh2+ {[%clk 0:15:10]} 50. Ke3 {[%clk 0:16:06]} 50...
f4+ {[%clk 0:13:39]} 51. Kd3 {[%clk 0:15:51]} 51... Ne1+ {[%clk 0:10:34]} 52.
Kc3 {[%clk 0:15:36]} 52... Rh3+ {[%clk 0:09:20]} 53. Kc4 {[%clk 0:15:16]} 53...
f3 {[%clk 0:06:17]} 54. b8=Q {[%clk 0:15:28]} 54... Kxe6 {[%clk 0:05:40]} 55.
Qe8+ {[%clk 0:15:30]} 55... Kf5 {[%clk 0:05:49]} 56. Kd5 {[%clk 0:15:20]} 1-0

[Event "DEM U16 2018"]
[Site "Willingen GER"]
[Date "2018.05.26"]
[Round "9"]
[White "Biastoch, Bennet"]
[Black "Stork, Oliver"]
[Result "0-1"]
[Termination "normal"]
[Board "9"]
[WhiteElo "2173"]
[BlackElo "2195"]
[WhiteClock "00:05:43"]
[BlackClock "00:06:45"]
[PlyCount "124"]
[WhiteFideId "12939889"]
[BlackFideId "12955728"]
[EventCountry "GER"]
[EventRounds "9"]
[EventType "swiss"]
[EventDate "2018.05.19"]

1. e4 {[%clk 1:30:57]} 1... c6 {[%clk 1:30:55]} 2. d4 {[%clk 1:31:22]} 2... d5
{[%clk 1:31:20]} 3. e5 {[%clk 1:31:47]} 3... Bf5 {[%clk 1:31:44]} 4. Nf3 {
[%clk 1:31:58]} 4... e6 {[%clk 1:31:56]} 5. Be2 {[%clk 1:31:53]} 5... c5 {
[%clk 1:32:03]} 6. Be3 {[%clk 1:31:43]} 6... cxd4 {[%clk 1:31:43]} 7. Nxd4 {
[%clk 1:31:35]} 7... Ne7 {[%clk 1:32:05]} 8. Nd2 {[%clk 1:20:22]} 8... Nbc6 {
[%clk 1:31:43]} 9. N2f3 {[%clk 1:09:30]} 9... Bg6 {[%clk 1:26:01]} 10. O-O {
[%clk 1:00:36]} 10... a6 {[%clk 1:18:03]} 11. c4 {[%clk 0:49:39]} 11... dxc4 {
[%clk 1:08:21]} 12. Bxc4 {[%clk 0:49:19]} 12... Nf5 {[%clk 1:06:04]} 13. Nxf5 {
[%clk 0:39:04]} 13... Bxf5 {[%clk 1:05:30]} 14. Rc1 {[%clk 0:37:59]} 14... Be7
{[%clk 0:50:00]} 15. Qxd8+ {[%clk 0:37:32]} 15... Bxd8 {[%clk 0:46:15]} 16.
Rfd1 {[%clk 0:32:56]} 16... Bg4 {[%clk 0:41:24]} 17. Bf4 {[%clk 0:28:19]} 17...
Bc7 {[%clk 0:39:30]} 18. Be2 {[%clk 0:22:03]} 18... Ke7 {[%clk 0:26:43]} 19. h3
{[%clk 0:18:58]} 19... Bh5 {[%clk 0:24:59]} 20. g4 {[%clk 0:15:24]} 20... Bg6 {
[%clk 0:25:19]} 21. Nd4 {[%clk 0:15:09]} 21... Be4 {[%clk 0:23:24]} 22. Nxc6+ {
[%clk 0:15:17]} 22... bxc6 {[%clk 0:23:20]} 23. Bc4 {[%clk 0:13:23]} 23... Rhc8
{[%clk 0:15:54]} 24. Re1 {[%clk 0:07:38]} 24... Bd5 {[%clk 0:15:23]} 25. Rc2 {
[%clk 0:05:17]} 25... h6 {[%clk 0:14:34]} 26. Rec1 {[%clk 0:05:01]} 26... Kd7 {
[%clk 0:14:43]} 27. Bg3 {[%clk 0:04:56]} 27... Bb6 {[%clk 0:12:39]} 28. b3 {
[%clk 0:04:51]} 28... a5 {[%clk 0:12:05]} 29. a4 {[%clk 0:03:47]} 29... Rab8 {
[%clk 0:11:21]} 30. Rc3 {[%clk 0:03:22]} 30... Bd4 {[%clk 0:09:14]} 31. Rd3 {
[%clk 0:03:32]} 31... Bb2 {[%clk 0:08:28]} 32. Rc2 {[%clk 0:03:25]} 32... Ba3 {
[%clk 0:08:53]} 33. Bf4 {[%clk 0:03:18]} 33... Bb4 {[%clk 0:07:34]} 34. Bd2 {
[%clk 0:03:17]} 34... Bxd2 {[%clk 0:07:23]} 35. Rdxd2 {[%clk 0:03:17]} 35...
Ke7 {[%clk 0:06:27]} 36. Rc3 {[%clk 0:02:43]} 36... Bxc4 {[%clk 0:06:02]} 37.
Rxc4 {[%clk 0:02:05]} 37... Rxb3 {[%clk 0:04:57]} 38. Rc5 {[%clk 0:02:25]}
38... Rxh3 {[%clk 0:04:45]} 39. Rxa5 {[%clk 0:02:51]} 39... Rc7 {[%clk 0:03:54]
} 40. Rc5 {[%clk 0:01:40]} 40... Ra3 {[%clk 0:03:26]} 41. Rd4 {[%clk 0:30:30]}
41... Ra7 {[%clk 0:20:43]} 42. Rxc6 {[%clk 0:26:30]} 42... R3xa4 { [%clk
0:21:05]} 43. Rcc4 {[%clk 0:24:30]} 43... Rxc4 {[%clk 0:20:47]} 44. Rxc4 {[%clk
0:24:55]} 44... Ra5 {[%clk 0:16:46]} 45. Re4 {[%clk 0:23:23]} 45... g5 { [%clk
0:16:31]} 46. Kg2 {[%clk 0:20:09]} 46... Kf8 {[%clk 0:16:55]} 47. Kg3 { [%clk
0:19:57]} 47... Ra3+ {[%clk 0:16:55]} 48. f3 {[%clk 0:19:48]} 48... Kg7 { [%clk
0:16:25]} 49. Re1 {[%clk 0:13:29]} 49... Kg6 {[%clk 0:16:46]} 50. Re4 { [%clk
0:13:09]} 50... Ra1 {[%clk 0:10:59]} 51. Rb4 {[%clk 0:12:04]} 51... Ra5 { [%clk
0:10:38]} 52. f4 {[%clk 0:09:43]} 52... Ra3+ {[%clk 0:09:37]} 53. Kf2 { [%clk
0:09:10]} 53... gxf4 {[%clk 0:07:41]} 54. Rxf4 {[%clk 0:09:34]} 54... Ra5
{[%clk 0:07:55]} 55. Re4 {[%clk 0:09:55]} 55... Kg5 {[%clk 0:08:10]} 56. Kf3 {
[%clk 0:08:47]} 56... Ra3+ {[%clk 0:08:34]} 57. Kf2 {[%clk 0:08:49]} 57... Rh3
{[%clk 0:06:17]} 58. Kg2 {[%clk 0:04:22]} 58... Rh4 {[%clk 0:06:16]} 59. Kf3 {
[%clk 0:04:39]} 59... h5 {[%clk 0:06:24]} 60. Rf4 {[%clk 0:04:52]} 60... hxg4+
{[%clk 0:06:35]} 61. Ke3 {[%clk 0:05:17]} 61... Rh3+ {[%clk 0:06:28]} 62. Ke4 {
[%clk 0:05:43]} 62... Rf3 {[%clk 0:06:45]} 0-1

[Event "DEM U16 2018"]
[Site "Willingen GER"]
[Date "2018.05.26"]
[Round "9"]
[White "Bosselmann, Tom Linus"]
[Black "Richter, Nils"]
[Result "1/2-1/2"]
[Termination "normal"]
[Board "10"]
[WhiteElo "2082"]
[BlackElo "2096"]
[WhiteClock "00:20:21"]
[BlackClock "00:31:52"]
[PlyCount "40"]
[WhiteFideId "12983845"]
[BlackFideId "12990809"]
[EventCountry "GER"]
[EventRounds "9"]
[EventType "swiss"]
[EventDate "2018.05.19"]

1. e4 {[%clk 1:30:57]} 1... c5 {[%clk 1:30:56]} 2. Nf3 {[%clk 1:31:02]} 2... g6
{[%clk 1:31:21]} 3. d4 {[%clk 1:30:53]} 3... cxd4 {[%clk 1:31:45]} 4. Nxd4 {
[%clk 1:31:11]} 4... Nc6 {[%clk 1:32:11]} 5. Nc3 {[%clk 1:31:21]} 5... Bg7 {
[%clk 1:32:32]} 6. Be3 {[%clk 1:31:41]} 6... Nf6 {[%clk 1:32:57]} 7. Nb3 {
[%clk 1:31:22]} 7... O-O {[%clk 1:31:46]} 8. Be2 {[%clk 1:31:42]} 8... d6 {
[%clk 1:31:25]} 9. f4 {[%clk 1:31:03]} 9... Be6 {[%clk 1:28:50]} 10. g4 { [%clk
1:29:28]} 10... Nd7 {[%clk 1:19:55]} 11. O-O {[%clk 1:02:00]} 11... Nb6 { [%clk
1:03:50]} 12. Kh1 {[%clk 0:50:37]} 12... Nc4 {[%clk 1:00:31]} 13. Bxc4 { [%clk
0:47:20]} 13... Bxc4 {[%clk 1:00:51]} 14. Rf2 {[%clk 0:47:07]} 14... Rc8 {[%clk
0:54:36]} 15. Rb1 {[%clk 0:40:06]} 15... Ba6 {[%clk 0:49:44]} 16. Rd2 { [%clk
0:33:23]} 16... Qe8 {[%clk 0:41:45]} 17. Nd4 {[%clk 0:29:26]} 17... Na5 { [%clk
0:36:41]} 18. Qe1 {[%clk 0:22:45]} 18... Nc4 {[%clk 0:34:54]} 19. Rg2 { [%clk
0:19:53]} 19... Nxe3 {[%clk 0:33:46]} 20. Qxe3 {[%clk 0:20:21]} 20... b6 {[%clk
0:31:52]} 1/2-1/2